<?xml version="1.0" encoding="UTF-8"?>
<marc:record xmlns:marc="http://www.loc.gov/MARC21/slim">
   <marc:leader>00000nam a2200000 a 4500</marc:leader>
   <marc:datafield ind1="1" ind2=" " tag="100">
      <marc:subfield code="a">Grimm, Jacob</marc:subfield>
      <marc:subfield code="4">aut</marc:subfield>
      <marc:subfield code="e">Verfasser/-in</marc:subfield>
   </marc:datafield>
   <marc:datafield ind1=" " ind2=" " tag="653">
      <marc:subfield code="a">Märchen</marc:subfield>
   </marc:datafield>
   <marc:datafield ind1=" " ind2=" " tag="653">
      <marc:subfield code="a">Hörfigur</marc:subfield>
   </marc:datafield>
   <marc:datafield ind1=" " ind2=" " tag="653">
      <marc:subfield code="a">Tonie</marc:subfield>
   </marc:datafield>
   <marc:datafield ind1="0" ind2="0" tag="245">
      <marc:subfield code="a">Sterntaler &amp; 4 weitere Märchen </marc:subfield>
   </marc:datafield>
   <marc:datafield ind1="0" ind2="0" tag="245">
      <marc:subfield code="b">5 Lieblings-Märchen ; Hörspiel ab 3 Jahren ; Hörfigur für die Toniebox</marc:subfield>
   </marc:datafield>
   <marc:datafield ind1=" " ind2="1" tag="264">
      <marc:subfield code="b">Boxine GmbH</marc:subfield>
      <marc:subfield code="c">2020</marc:subfield>
   </marc:datafield>
   <marc:datafield ind1="1" ind2=" " tag="490">
      <marc:subfield code="a">Lieblings-Märchen</marc:subfield>
   </marc:datafield>
   <marc:datafield ind1="1" ind2=" " tag="520">
      <marc:subfield code="a">Zwischen "Es war einmal" und "Wenn sie nicht gestorben sind" gibt es unzählige verschiedene Märchengeschichten. Wir haben die vielleicht bekanntesten zusammengestellt. Unser Sterntaler präsentiert:  Die Bremer Stadtmusikanten, Die sechs Schwäne, Hans im Glück, Schneeweißchen und Rosenrot und sich selbst –Sterntaler.
Sterntaler
¬Die¬ Bremer Stadtmusikanten
Hans im Glück
Schneeweißchen und Rosenrot
¬Die¬ sechs Schwäne / Die 6 Schwäne</marc:subfield>
   </marc:datafield>
   <marc:datafield ind1="3" ind2=" " tag="024">
      <marc:subfield code="a">4251192110909</marc:subfield>
   </marc:datafield>
</marc:record>
